000 00507cam a2200181 4500500
005 20260329003021.0
041 _afre
042 _adc
100 1 0 _aOrtoli, Sven
_eauthor
245 0 0 _aLe nez au vent
260 _c2014.
500 _a52
690 _aNez
690 _aNietzsche
690 _aOdeur
786 0 _nPhilosophie magazine | 81 | 7 | 2014-07-01 | p. 13-13 | 1951-1787
856 4 1 _uhttps://shs.cairn.info/magazine-philosophie-magazine-2014-7-page-13?lang=fr&redirect-ssocas=7080
999 _c1820565
_d1820565